Normal view
MARC view
- Dr. Liaqat Ali
Entry Personal Name
001 - CONTROL NUMBER
- control field: 16199
003 - CONTROL NUMBER IDENTIFIER
- control field: NUST
005 - DATE AND TIME OF LATEST TRANSACTION
- control field: 20190701104444.0
008 - FIXED-LENGTH DATA ELEMENTS
- fixed length control field: 190701|| aca||aabn | a|a d
040 ## - CATALOGING SOURCE
- Original cataloging agency: NUST
- Transcribing agency: NUST
100 ## - HEADING--PERSONAL NAME
- Personal name: Dr. Liaqat Ali
670 ## - SOURCE DATA FOUND
- Source citation: Work cat.: (NUST): Khalid, Hassan 16198, Drill pipes and Tool Joints Shearing Force Estimation in Blow Out Preventers (BOP's) /, 2017.
